Microelectronic circuits (Record no. 1329)

000 -LEADER
fixed length control field 00597nam a22002177a 4500
001 - CONTROL NUMBER
control field 1329
003 - CONTROL NUMBER IDENTIFIER
control field BD-DhUET
008 - FIXED-LENGTH DATA ELEMENTS--GENERAL INFORMATION
fixed length control field 140903b xxu||||| |||| 00| 0 eng d
020 ## - INTERNATIONAL STANDARD BOOK NUMBER
International Standard Book Number 0195680847
040 ## - CATALOGING SOURCE
Transcribing agency 0
Modifying agency BD-DhUET
082 ## - DEWEY DECIMAL CLASSIFICATION NUMBER
Classification number 623.8153
Item number SED/1982
100 ## - MAIN ENTRY--PERSONAL NAME
Personal name Sedra, Adel.S
245 ## - TITLE STATEMENT
Title Microelectronic circuits
Statement of responsibility, etc. by Adel S. Sedra and Kenneth C. Smith
250 ## - EDITION STATEMENT
Edition statement 5th ed.
260 ## - PUBLICATION, DISTRIBUTION, ETC. (IMPRINT)
Place of publication, distribution, etc. New York
Name of publisher, distributor, etc. Oxford University Press
Date of publication, distribution, etc. 1982
300 ## - PHYSICAL DESCRIPTION
Extent xxi, 1283 p.
Other physical details ill.
Dimensions 22 cm.
504 ## - BIBLIOGRAPHY, ETC. NOTE
Bibliography, etc Includes bibliographies
650 #0 - SUBJECT ADDED ENTRY--TOPICAL TERM
Topical term or geographic name as entry element Electronic-Circuits
700 ## - ADDED ENTRY--PERSONAL NAME
Personal name Smith, Kenneth C.
942 ## - ADDED ENTRY ELEMENTS (KOHA)
Koha item type General Book
Holdings
Koha renewals Piece designation (barcode) Location (home branch) Date acquired Koha date last borrowed Koha normalized classification for sorting Koha date last seen Shelving location Price effective from Sublocation or collection (holding branch) Lost status Not for loan Withdrawn status Copy number Koha item type Source of classification or shelving scheme Koha issues (times borrowed) Koha full call number Damaged status Koha out on loan
1103871Central Library, BUET2014-09-032021-12-21623_000000000000000_8153SED2002022-05-22Circulation section2014-09-03Central Library, BUET   1Guide Book 9623.8153/SED/2004  
1103866Central Library, BUET2007-05-282026-01-20623_815300000000000_SED_20042026-01-20Circulation section2014-09-03Central Library, BUET   2General Book 7623.8153/SED/2004 2026-02-03
 103867Central Library, BUET2014-09-032022-11-22623_000000000000000_8153SED2002022-11-22Circulation section2014-09-03Central Library, BUET   3Guide Book 13623.8153/SED/2004 2022-12-06
 103868Central Library, BUET2014-09-032016-02-27623_000000000000000_8153SED2002016-02-27Circulation section2014-09-03Central Library, BUET   4Guide Book 2623.8153/SED/2004 2017-02-26
 103870Central Library, BUET2014-09-032024-03-06623_000000000000000_8153SED2002024-06-02Circulation section2014-09-03Central Library, BUET   5Guide Book 12623.8153/SED/2004  
2103873Central Library, BUET2014-09-032025-08-24623_000000000000000_8153SED2002025-09-08Circulation section2014-09-03Central Library, BUET   6Guide Book 13623.8153/SED/2004  
1103872Central Library, BUET2014-09-032023-06-05623_000000000000000_8153SED2002023-06-05Circulation section2014-09-03Central Library, BUET   8Guide Book 16623.8153/SED/2004 2023-06-19
 103874Central Library, BUET2014-09-032025-09-24623_000000000000000_8153SED2002025-10-18Circulation section2014-09-03Central Library, BUET   9Guide Book 18623.8153/SED/2004  
 101693Central Library, BUET2014-10-272020-02-10623_000000000000000_8153SED2002020-02-10Circulation section2014-10-27Central Library, BUET   10Guide Book 5623.8153/SED/2004 2021-02-09
 107789Central Library, BUET2014-11-292014-12-08623_815300000000000_SED_19822026-03-08Circulation section2014-11-29Central Library, BUET   11General Book 1623.8153/SED/1982  
 101692Central Library, BUET2016-03-272025-04-29623_815300000000000_SED_19822025-04-29Circulation section2016-03-27Central Library, BUET   12General Book 10623.8153/SED/1982 2025-05-13